| 000 | 00818nam a22002417a 4500 | ||
|---|---|---|---|
| 003 | 0 | ||
| 005 | 20250930110352.0 | ||
| 008 | 250930b xxu||||| |||| 00| 0 eng d | ||
| 020 | _a978-1-032-10881-0 | ||
| 050 |
_aRC 489.A38 _b.D63 2023 |
||
| 100 |
_aDobud, Will W., _eauthor. |
||
| 245 |
_aSolution-focused practice in outdoor therapy : _bco-adventuring for change / _cWill W. Dobud and Stephan Natynczuk. |
||
| 260 |
_aNew York, NY : _bRoutledge, _c2023. |
||
| 300 |
_axv, 287 pages ; _c23 cm. |
||
| 504 | _aIncludes bibliographical references and index. | ||
| 650 | _aAdventure therapy. | ||
| 650 |
_aNature _vTherapeutic use. |
||
| 650 | _aSolution-focused therapy. | ||
| 650 | _aBrief psychoterapy. | ||
| 650 | _aEvidence-based psychotherapy. | ||
| 700 |
_aNatynczuk, Stephan, _eauthor. |
||
| 942 |
_2lcc _cBK |
||
| 999 |
_c368151 _d368151 |
||